00736cam a22002417a 4500003000500000005001700005008004100022010001000063011001000073020001500083035001000098040000900108082001500117100001800132245011700150260004500267300004100312650002600353650001800379650002900397650005100426700001700477CHAP20220329142034.0990406d1996 mx d r 00110 spa d a77433 a78405 a0275950174 a88313 cCHAP04a631.7bD5200aDinar, Ariel.10aModeling economic management and policy issues of water in irrigated agriculturec/by Ariel Dinar and John Letey aWestport, Connecticut :bPRAEGER,c1996. a239 p. :bgráfs. ; diags. ; tablas14aAgua para irrigacion.14aIrrigación.14aPolítica hidráulica.14aRecursos hidráulicosxModelos matemáticos.0 aLetey, John.